Anwil Włocławek - multimedaliści - Statystyki

Ogólne statystyki
  • Ten quiz został rozwiązany 312 razy
    131 od ostatniego zresetowania
  • Średni wynik to 21 z 39
Statystyki odpowiedzi
Liczba medali Złoto | Srebro | Brąz Imię i nazwisko % Poprawnych
2 2 - 0 - 0 Kamil Łączyński
93%
6 0 - 5 - 1 Igor Griszczuk
92%
3 1 - 1 - 1 Andrzej Pluta
91%
3 2 - 0 - 1 Szymon Szewczyk
90%
2 2 - 0 - 0 Ivan Almeida
88%
2 2 - 0 - 0 Jarosław Zyskowski
87%
2 2 - 0 - 0 Josip Sobin
81%
4 0 - 3 - 1 Tomasz Jankowski
81%
5 1 - 4 - 0 Robert Witka
78%
2 1 - 0 - 1 Chase Simon
76%
2 1 - 1 - 0 Michał Ignerski
72%
2 1 - 0 - 1 Adam Piątek
70%
3 0 - 3 - 0 Roman Prawica
67%
3 0 - 2 - 1 Roman Olszewski
63%
2 1 - 0 - 1 Igor Wadowski
62%
3 0 - 2 - 1 Bartłomiej Wołoszyn
57%
2 1 - 0 - 1 Oliwier Bednarek
57%
2 0 - 2 - 0 Seid Hajrić
55%
4 1 - 3 - 0 Tomasz Andrzejewski
53%
3 0 - 3 - 0 Bartłomiej Tomaszewski
50%
2 0 - 1 - 1 Mirosław Kabała
49%
3 0 - 2 - 1 Grzegorz Skiba
45%
2 0 - 1 - 1 Wojciech Pietrzak
41%
2 0 - 2 - 0 Gatis Jahovics
40%
2 0 - 2 - 0 Hubert Radke
40%
2 0 - 2 - 0 Edgars Sneps
37%
3 0 - 3 - 0 Marcin Cieślak
31%
2 0 - 2 - 0 Wojciech Puścion
31%
2 0 - 2 - 0 Ed Scott
30%
3 0 - 2 - 1 Andrzej Czerwiński
29%
2 0 - 2 - 0 Andrzej Korejwo
29%
2 0 - 2 - 0 Dariusz Kondraciuk
29%
2 0 - 1 - 1 Kamil Michalski
29%
2 0 - 2 - 0 Roman Bruździński
29%
2 0 - 2 - 0 Wawrzyniec Królikowski
29%
2 0 - 2 - 0 Arkadiusz Makowski
25%
3 0 - 2 - 1 Michał Gabiński
25%
2 0 - 1 - 1 Tomasz Protasiuk
25%
2 0 - 1 - 1 Wojciech Glabas
18%
Nie znaleziono quizów pasujących do podanych kryteriów
Rozkład punktacji
Procent ludzi z każdym wynikiem
Percentyl według liczby udzielonych odpowiedzi
Twoja historia wyników
Nie rozwiązałeś tego quizu od ostatniego zresetowania